MARC details
| 000 -LEADER |
| fixed length control field |
03108cam a2200445Ii 4500 |
| 001 - CONTROL NUMBER |
| control field |
on1315582143 |
| 003 - CONTROL NUMBER IDENTIFIER |
| control field |
OCoLC |
| 005 - DATE AND TIME OF LATEST TRANSACTION |
| control field |
20230522135142.0 |
| 008 - FIXED-LENGTH DATA ELEMENTS--GENERAL INFORMATION |
| fixed length control field |
220510t20212021xxub 000 1 eng |
| 040 ## - CATALOGING SOURCE |
| Original cataloging agency |
NTG |
| Language of cataloging |
eng |
| Description conventions |
rda |
| Transcribing agency |
NTG |
| Modifying agency |
OCLCF |
| -- |
WACOL |
| 020 ## - INTERNATIONAL STANDARD BOOK NUMBER |
| International Standard Book Number |
9780998150574 |
| Qualifying information |
(paperback) |
| 020 ## - INTERNATIONAL STANDARD BOOK NUMBER |
| International Standard Book Number |
0998150576 |
| Qualifying information |
(paperback) |
| 035 ## - SYSTEM CONTROL NUMBER |
| System control number |
(OCoLC)1315582143 |
| 082 04 - DEWEY DECIMAL CLASSIFICATION NUMBER |
| Classification number |
813/.6 |
| Edition number |
23 |
| 092 ## - LOCALLY ASSIGNED DEWEY CALL NUMBER (OCLC) |
| Classification number |
fiction |
| Item number |
Wisehart |
| 049 ## - LOCAL HOLDINGS (OCLC) |
| Holding library |
WACL |
| 100 1# - MAIN ENTRY--PERSONAL NAME |
| Personal name |
Wisehart, Michael, |
| Relator term |
author. |
| 9 (RLIN) |
6467802 |
| 245 14 - TITLE STATEMENT |
| Title |
The four-part key / |
| Statement of responsibility, etc |
written by Michael Wisehart. |
| 250 ## - EDITION STATEMENT |
| Edition statement |
1st edition. |
| 264 #1 - Production, Publication, Distribution, Manufacture, and Copyright Notice. |
| Place of production, publication, distribution, manufacture |
[United States] : |
| Name of producer, publisher, distributor, manufacturer |
Michael Wisehart, |
| Date of production, publication, distribution, manufacture, or copyr |
[2021] |
| 264 #4 - Production, Publication, Distribution, Manufacture, and Copyright Notice. |
| Date of production, publication, distribution, manufacture, or copyr |
�2021 |
| 300 ## - PHYSICAL DESCRIPTION |
| Extent |
804 pages : |
| Other physical details |
maps ; |
| Dimensions |
23 cm. |
| 336 ## - Content Type |
| Content type term |
text |
| 337 ## - Media type |
| Media type term |
unmediated |
| 338 ## - Carrier type |
| Carrier type term |
volume |
| 490 1# - SERIES STATEMENT |
| Series statement |
The Aldoran chronicles ; |
| Volume number/sequential designation |
book 3 |
| 520 ## - SUMMARY, ETC. |
| Summary, etc |
"An ancient proverb holds the key to restoring the long-awaited wizard fortress of Aero'set. Sitting in the front room of his family's cottage, Ty listens intently as Nyalis conveys the urgency of his upcoming quest. Having agreed to search out the four missing pieces of an age-old relic, Ty soon discovers how unprepared he is for a mission of this importance. Not only must he find the missing pieces and assemble them, he must survive long enough to figure out how to use them before the White Tower closes in. Desperate to reach Rhowynn ahead of Chief Inquisitor Sylas, Ferrin pushes his small band of convicts to their limits--his twin sister's life depends on it. On foot, they fight their way through the harsh winter countryside of Sidara, hoping to find someone willing to help. But the help they find is not what they expect, and the battle that ensues will likely mean the end of them all. Still struggling with the loss of his memories, Ayrion and his companions travel north, eager to find a safe haven in the rugged mountain community of Wellhollow. Instead, they find an army of Black Watch purging the town of wielders. And when a local seer reveals a disturbing prophecy that directly links his fate to hers, Ayrion finds himself donning his black leather coat and twin blades once again. Meanwhile, in Easthaven, Adarra makes a shocking discovery. Not only were the Tallosians who attacked her home part of Mangora's scheme, it seems they are also part of a much larger invasion--an invasion Easthaven isn't prepared to withstand"--Back cover. |
| 521 ## - TARGET AUDIENCE NOTE |
| Target audience note |
adult fiction |
| Source |
Amazon |
| 650 #0 - SUBJECT ADDED ENTRY--TOPICAL TERM |
| Topical term or geographic name as entry element |
Locks and keys |
| Form subdivision |
Fiction. |
| 9 (RLIN) |
5769067 |
| 650 #0 - SUBJECT ADDED ENTRY--TOPICAL TERM |
| Topical term or geographic name as entry element |
Quests (Expeditions) |
| Form subdivision |
Fiction. |
| 9 (RLIN) |
5676172 |
| 650 #0 - SUBJECT ADDED ENTRY--TOPICAL TERM |
| Topical term or geographic name as entry element |
Imaginary wars and battles |
| Form subdivision |
Fiction. |
| 9 (RLIN) |
5673973 |
| 650 #7 - SUBJECT ADDED ENTRY--TOPICAL TERM |
| Topical term or geographic name as entry element |
Imaginary wars and battles. |
| Source of heading or term |
fast |
| -- |
(OCoLC)fst00967580 |
| 650 #7 - SUBJECT ADDED ENTRY--TOPICAL TERM |
| Topical term or geographic name as entry element |
Locks and keys. |
| Source of heading or term |
fast |
| -- |
(OCoLC)fst01001710 |
| 650 #7 - SUBJECT ADDED ENTRY--TOPICAL TERM |
| Topical term or geographic name as entry element |
Quests (Expeditions) |
| Source of heading or term |
fast |
| -- |
(OCoLC)fst01085708 |
| 655 #7 - INDEX TERM--GENRE/FORM |
| Genre/form data or focus term |
Fantasy fiction. |
| Source of term |
fast |
| -- |
(OCoLC)fst01726607 |
| 655 #7 - INDEX TERM--GENRE/FORM |
| Genre/form data or focus term |
Fiction. |
| Source of term |
fast |
| -- |
(OCoLC)fst01423787 |
| 9 (RLIN) |
5673940 |
| 655 #7 - INDEX TERM--GENRE/FORM |
| Genre/form data or focus term |
Fantasy fiction. |
| Source of term |
lcgft |
| 800 1# - SERIES ADDED ENTRY--PERSONAL NAME |
| Personal name |
Wisehart, Michael. |
| Title of a work |
Aldoran chronicles ; |
| Volume/sequential designation |
bk. 3. |
| 9 (RLIN) |
6467803 |
| 994 ## - |
| -- |
C0 |
| -- |
WACOL |